[Event "FRA-chT2 1011"]
[Site "France"]
[Date "2010.11.14"]
[Round "3.3"]
[White "Deslandes, Pascal"]
[Black "Hure, Damien"]
[Result "1-0"]
[WhiteElo "2282"]
[BlackElo "2192"]
[PlyCount "117"]
[EventDate "2010.10.17"]
[EventType "team-tourn"]
[EventRounds "11"]
[EventCountry "FRA"]
[SourceTitle "EXT 2012"]
[Source "ChessBase"]
[SourceDate "2011.11.24"]
[SourceVersion "1"]
[SourceVersionDate "2011.11.24"]
[SourceQuality "1"]

1. e4 c5 2. c3 Nf6 3. e5 Nd5 4. d4 cxd4 5. cxd4 e6 6. Nf3 d6 7. a3 Bd7 8. Bd3 Be7 9. 0-0 Qb6 10. Nc3 Bc6 11. Ne4 dxe5 12. dxe5 Nd7 13. Qe2 Nc5 14. Nxc5 Bxc5 15. b4 Bd4 16. Nxd4 Qxd4 17. Bb2 Qh4 18. g3 Qh3 19. Be4 a6 20. Rfe1 0-0 21. Rac1 Rac8 22. Bd4 Rfd8 23. Bc5 b6 24. Bd4 b5 25. Bc5 h5 26. f4 g6 27. Bd6 Nc3 28. Rxc3 Bxe4 29. Rxc8 Rxc8 30. Qxe4 h4 31. Qg2 Qf5 32. Bc5 Rd8 33. Qe2 hxg3 34. hxg3 Qh3 35. Bf2 Kg7 36. Rd1 Rh8 37. Qf3 Qf5 38. g4 Qc2 39. Kg2 Rc8 40. Qd3 Qa2 41. f5 gxf5 42. gxf5 exf5 43. Qg3+ Kf8 44. Kg1 Qe2 45. Re1 Qg4 46. Qxg4 fxg4 47. Bc5+ Kg7 48. Re4 Kg6 49. Rf4 Rh8 50. Kg2 Rh7 51. Rf6+ Kg7 52. Rxa6 Rh3 53. a4 bxa4 54. b5 Rb3 55. b6 Rb5 56. Bd4 Rb4 57. e6+ Rxd4 58. e7 Re4 59. b7 1-0

[Event "Rouen op"]
[Site "Rouen"]
[Date "2009.12.20"]
[Round "2"]
[White "Mladenov, Plamen"]
[Black "Hure, Damien"]
[Result "1-0"]
[WhiteElo "2402"]
[BlackElo "2167"]
[PlyCount "45"]
[EventDate "2009.12.19"]
[EventType "swiss"]
[EventRounds "7"]
[EventCountry "FRA"]
[SourceTitle "EXT 2011"]
[Source "ChessBase"]
[SourceDate "2010.11.26"]
[SourceVersion "1"]
[SourceVersionDate "2010.11.26"]
[SourceQuality "1"]

1. e4 c5 2. Nc3 Nc6 3. Bb5 g6 4. f4 Nd4 5. Bc4 Bg7 6. Nf3 d6 7. 0-0 e6 8. d3 Ne7 9. f5 d5 10. fxg6 hxg6 11. Bb3 b5 12. e5 Nef5 13. g4 Nxf3+ 14. Qxf3 Qh4 15. h3 Qg3+ 16. Qxg3 Nxg3 17. Re1 c4 18. Nxb5 cxb3 19. Nc7+ Kd8 20. Nxa8 bxc2 21. Kg2 Ba6 22. Kxg3 Bxd3 23. Bf4 1-0